Rural people and rural economic development : a contribution to the IIEP seminar on the planning problems in rural education, 13-17 October 1975 /

Bibliographic Details
Main Author: Bowman, Mary Jean
Format: Book
Language:English
Published: Paris : International Institute for Educational Planning, [1976]
Series:IIEP seminar paper ; 21.
Subjects:

MARC

Tag First Indicator Second Indicator Subfields
LEADER 00000cam a2200000 a 4500
001 in00000441721
005 20151012071739.0
008 870324s1976 fr b 00010 eng d
035 |a (OCoLC)15359748 
035 |9 ABW7934AM 
040 |a TXA  |c TXA  |d UtOrBLW 
049 |a TXAM  |c [A09796621] 
090 |a HN49.R5  |b B68 1976 
100 1 |a Bowman, Mary Jean. 
245 1 0 |a Rural people and rural economic development :  |b a contribution to the IIEP seminar on the planning problems in rural education, 13-17 October 1975 /  |c M.J. Bowman. 
264 1 |a Paris :  |b International Institute for Educational Planning,  |c [1976] 
264 4 |c ©1976 
300 |a i, 117 pages ;  |c 29 cm. 
336 |a text  |b txt  |2 rdacontent 
337 |a unmediated  |b n  |2 rdamedia 
338 |a volume  |b nc  |2 rdacarrier 
490 1 |a IIEP seminar paper ;  |v 21 
504 |a Bibliography: pages 107-117. 
650 0 |a Rural development. 
650 0 |a Rural development  |x Sociological aspects. 
830 0 |a IIEP seminar paper ;  |v 21. 
999 |a MARS 
999 f f |s a477ef78-e00a-3e66-9a2e-19bc2a041158  |i cb397342-4142-30f4-9660-b0b2251f6f18  |t 0 
952 f f |p ric  |a Texas A&M University  |b Rellis Campus  |c Joint Library Facility  |d Remote Storage  |t 0  |e HN49.R5 B68 1976  |h Library of Congress classification  |i unmediated -- volume  |m A14809796621 
998 f f |a HN49.R5 B68 1976  |t 0  |l Remote Storage